Städte in Rumänien - Sudden Death - Statistiken

Allgemein
  • Dieses Quiz wurde 228 mal gespielt
  • Das Durchschnittsergebnis liegt bei 8 aus 15
Answers on the Grid
Answers color-coded by a green-red scale on the quiz's grid according to % correct below.
Bukarest
Craiova
Cluj-Napoca
Braşov
Constanța
Timişoara
Iaşi
Ploieşti
Piteşti
Sibiu
Galați
Bacău
Oradea
Arad
Târgu Mureş
Debrecen
Novi Sad
Plewen
Russe
Novi Pazar
Zenica
Szeged
Zvolen
Bălți
Cherson
Bursa
Leskovac
Ferizaj
Shkodra
Osijek
 
Antwortstatistiken
Antwort % Korrekt
Bukarest
80%
Cluj-Napoca
68%
Timişoara
64%
Târgu Mureş
58%
Braşov
57%
Constanța
57%
Piteşti
56%
Iaşi
55%
Ploieşti
55%
Bacău
53%
Galați
51%
Craiova
50%
Sibiu
50%
Arad
39%
Oradea
39%
Keine übereinstimmenden Quizze gefunden
Verteilung der Resultate
Anzahl Personen mit jedem Resultat
Perzentil nach korrekt beantworteten Fragen
Ihre Resultats-Entwicklung
Sie haben dieses Quiz noch nicht gespielt